Fiction as Window (Record no. 1682)

MARC details
000 -LEADER
fixed length control field 00422 a2200169 4500
001 - CONTROL NUMBER
control field 067824
003 - CONTROL NUMBER IDENTIFIER
control field OSt
005 - DATE AND TIME OF LATEST TRANSACTION
control field 20220106115209.0
008 - FIXED-LENGTH DATA ELEMENTS--GENERAL INFORMATION
fixed length control field
082 ## - DEWEY DECIMAL CLASSIFICATION NUMBER
Classification number 891.1
Item number P13F
100 1# - MAIN ENTRY--PERSONAL NAME
Personal name Padma, V.
245 1# - TITLE STATEMENT
Title Fiction as Window
Statement of responsibility, etc by V. Padma
260 ## - PUBLICATION, DISTRIBUTION, ETC. (IMPRINT)
Place of publication, distribution, etc Hyderabad
Name of publisher, distributor, etc Orient Blackswan
Date of publication, distribution, etc 2009
300 ## - PHYSICAL DESCRIPTION
Extent 253p.
653 ## - INDEX TERM--UNCONTROLLED
Uncontrolled term Indic fiction; Indic fiction (English)
942 ## - ADDED ENTRY ELEMENTS (KOHA)
Source of classification or shelving scheme Dewey Decimal Classification
Koha item type Books
Holdings
Withdrawn status Lost status Source of classification or shelving scheme Damaged status Not for loan Collection code Home library Current library Date acquired Source of acquisition Cost, normal purchase price Full call number Barcode Date last seen Price effective from Koha item type
    Dewey Decimal Classification     General Text Book Central University Of Rajasthan Central University Of Rajasthan 07/03/2012 ENG 330.00 891.1 P13F 2111 21/11/2024 02/09/2020 Books